000 00818nam a2200229 i 4500
001 114924
003 ES-MaACL
005 20250903025950.0
007 t|
008 070212s1951 sp ||||1| spa d
080 _a511.214
100 1 _aPérez Cacho, Laureano.
_990692
245 1 0 _aFunciones y=wk (n) de la teoría de los números
_b: estudio de la función y=w1(n) /
_cL. Pérez-Cacho.
260 _aMadrid :
_bConsejo Superior de Investigaciones Científicas,
_c1951.
300 _a33 p. ;
_c24 cm.
490 1 _aMemorias de matemáticas del Instituto "Jorge Juan" ;
_v12
650 1 4 _aFunciones numéricas.
_913015
650 4 _aNúmeros, Teoría de los.
_9138233
830 0 0 _aMemorias de matemáticas del Instituto "Jorge Juan"
_v12
_9185834
852 _aES-MaACL
_jE-4512
999 _c114924
_d114924